[Event "40th Olympiad Open"]
[Site "Istanbul TUR"]
[Date "2012.09.04"]
[Round "7.49"]
[Board "4"]
[White "Kassis, Antoine LIB"]
[Black "Montanez Nazario, Roberto"]
[Result "1/2-1/2"]
[WhiteTitle "CM"]
[WhiteElo "2209"]
[BlackElo "2144"]
[WhiteTeam "Lebanon"]
[BlackTeam "Puerto Rico"]
[WhiteFideId "5300150"]
[BlackFideId "3100316"]
[EventDate "2012.08.28"]

1. e4 c5 2. Nc3 d6 3. Nf3 a6 4. d4 cxd4 5. Nxd4 e6 6. a4 Qc7 7. Be2 Nf6 8. O-O
Be7 9. Be3 b6 10. f4 Bb7 11. Bf3 Nbd7 12. Qe1 O-O 13. Kh1 Rac8 14. Rd1 Rfe8 15.
Qg3 Nc5 16. e5 Nfe4 17. Nxe4 Nxe4 18. Bxe4 Bxe4 19. f5 exf5 20. Nxf5 Bxf5 21.
Rxf5 dxe5 22. c3 f6 23. Rf2 Kh8 24. Rfd2 Red8 25. Qf2 Rxd2 26. Rxd2 Bc5 27. Bxc5
bxc5 28. Rd5 h6 29. Qd2 Qc6 30. b3 c4 31. Rd6 Qe8 32. bxc4 e4 33. Rd4 f5 34. a5
e3 35. Qe2 Qe5 36. g3 Re8 37. Kg2 Qxa5 38. Rd5 Qxc3 39. Rxf5 Rd8 40. Qf3 Qc2+
41. Kh3 Rd2 42. Rf8+ Kh7 43. Qf5+ Qxf5+ 44. Rxf5 e2 45. Re5 a5 46. c5 a4 47. c6
a3 48. c7 Rc2 49. Rxe2 Rxc7 50. Ra2 Ra7 51. Kg4 Kg6 52. Kf4 Kf6 53. Ke4 Ke6 54.
h3 Ra4+ 55. Ke3 Ke5 56. Kd3 Kd5 57. g4 Kc5 58. Kc2 Kb4 59. Kb1 Kb3 60. Rg2 Rc4
61. h4 Rc3 62. h5 Rh3 63. Rg1 Rf3 64. Ka1 a2 65. g5 Rf5 66. gxh6 gxh6 67. Rh1
Ra5 68. Rh2 Kc4 69. Rxa2 1/2-1/2

[Event "40th Olympiad Open"]
[Site "Istanbul TUR"]
[Date "2012.09.04"]
[Round "7.50"]
[Board "1"]
[White "Lee, Sanghoon"]
[Black "Chumfwa, Stanley"]
[Result "1/2-1/2"]
[WhiteTitle "CM"]
[WhiteElo "2126"]
[BlackElo "2347"]
[WhiteTeam "South Korea"]
[BlackTeam "Zambia"]
[WhiteFideId "13200011"]
[BlackFideId "8700117"]
[EventDate "2012.08.28"]

1. c4 Nf6 2. g3 g6 3. Bg2 Bg7 4. Nc3 O-O 5. e4 d6 6. Nge2 c5 7. O-O Nc6 8. d3 a6
9. a4 Rb8 10. h3 Ne8 11. Be3 Nd4 12. Rb1 Nxe2+ 13. Nxe2 b5 14. cxb5 axb5 15. b4
bxa4 16. Qxa4 Bd7 17. Qa3 Ra8 18. Qc1 cxb4 19. Rxb4 Qa5 20. Rb7 Nf6 21. Nd4 Rfc8
22. Qb1 e5 23. Nb5 Rc6 24. Na7 Ra6 25. Rb8+ Rxb8 26. Qxb8+ Ne8 27. Rc1 Bf6 28.
Qb7 Be6 29. Bf1 Qa2 30. Nc6 Ra8 31. d4 exd4 32. Nxd4 Ra7 33. Qb6 Re7 34. Nxe6
Qxe6 35. Bg2 h5 36. h4 Kh7 37. Rc6 Qd7 38. Kh2 Qb7 39. f4 Qxb6 40. Bxb6 Bb2 41.
Bf3 Ba3 42. Kg2 Rb7 43. e5 dxe5 44. fxe5 Re7 45. Bd4 Ng7 46. Bc3 Ne6 47. Bd5 Kg7
48. Kf3 Rc7 49. Rxc7 Nxc7 50. Bc4 Kf8 51. Ba5 1/2-1/2

[Event "40th Olympiad Open"]
[Site "Istanbul TUR"]
[Date "2012.09.04"]
[Round "7.50"]
[Board "2"]
[White "Bwalya, Gillan"]
[Black "Jang, Kyungsik"]
[Result "1/2-1/2"]
[WhiteElo "2256"]
[BlackElo "1861"]
[WhiteTeam "Zambia"]
[BlackTeam "South Korea"]
[WhiteFideId "8700257"]
[BlackFideId "13201166"]
[EventDate "2012.08.28"]

1. e4 c5 2. Nf3 d6 3. c3 Nf6 4. Bd3 Bg4 5. O-O g6 6. h3 Bxf3 7. Qxf3 Nc6 8. Bc2
Bg7 9. Qe2 O-O 10. d3 b5 11. Be3 Nd7 12. Rd1 Qc7 13. d4 cxd4 14. cxd4 a6 15. Nc3
Nb6 16. Rac1 Nc4 17. Bb3 Nxe3 18. fxe3 Rac8 19. Qf3 Na5 20. Rf1 Nxb3 21. axb3 e6
22. Qe2 Qb7 23. Qd3 Rc7 24. Ne2 Rfc8 25. Rc3 d5 26. e5 Bf8 27. Rxc7 Rxc7 28. Rf2
Qc6 29. Ng3 h5 30. Nf1 a5 31. Re2 a4 32. bxa4 bxa4 33. Kf2 Qc4 34. Qxc4 Rxc4 35.
Nd2 Rc1 36. Nf3 Bh6 37. Rd2 Kf8 38. Ke2 Ke7 39. Kd3 Rc4 40. Re2 Rb4 41. Kc2 Kd7
42. Nd2 Kc6 43. Nb1 Kb5 44. Nc3+ Ka5 45. Re1 Bg5 46. Re2 Bh4 47. Kd3 Bd8 48. Rf2
Rb7 49. e4 Bh4 50. Re2 dxe4+ 51. Nxe4 Kb4 52. Nc5 Ra7 53. Rc2 Be7 54. Rc4+ Kb5
55. Ne4 a3 56. Nc3+ Kb6 57. bxa3 Rxa3 58. Ke4 f5+ 59. exf6 Bxf6 60. Rb4+ Kc6 61.
Rc4+ Kd7 62. Na4 Ra2 63. Nc5+ Ke7 64. Rb4 Rxg2 65. Rb7+ Ke8 66. Nxe6 Be7 67. Nf4
Rg3 68. Nd3 Rxh3 69. Ne5 Bd6 70. Nc4 Bh2 71. Kd5 Rh4 72. Nd2 Bf4 73. Ne4 Kd8 74.
Rg7 g5 75. Ke6 Rh1 1/2-1/2

[Event "40th Olympiad Open"]
[Site "Istanbul TUR"]
[Date "2012.09.04"]
[Round "7.50"]
[Board "3"]
[White "Bae, Junggi"]
[Black "Kayonde, Andrew"]
[Result "0-1"]
[WhiteElo "1730"]
[BlackElo "2180"]
[WhiteTeam "South Korea"]
[BlackTeam "Zambia"]
[WhiteFideId "13201298"]
[BlackFideId "8700281"]
[EventDate "2012.08.28"]

1. d4 d5 2. c4 c6 3. Nf3 Nf6 4. e3 e6 5. b3 Bb4+ 6. Bd2 Be7 7. Be2 O-O 8. Ne5
dxc4 9. bxc4 c5 10. dxc5 Ne4 11. O-O Bf6 12. f4 Nc6 13. Qc2 Nxe5 14. fxe5 Bxe5
15. Qxe4 Bxa1 16. Rd1 f5 17. Qf3 Qc7 18. Bb4 a5 19. Ba3 Bd7 20. Nd2 Be5 21. h3
Bc6 22. Qf1 Rad8 23. Bc1 Ba4 24. Nb3 Bxb3 25. axb3 Qxc5 26. Kh1 Qb4 27. Rxd8
Rxd8 28. Bd1 Qc3 29. Ba3 Qa1 30. Be2 Qxa3 31. Qf3 Qxb3 32. g3 a4 33. e4 fxe4 34.
Qxe4 Qxg3 0-1

[Event "40th Olympiad Open"]
[Site "Istanbul TUR"]
[Date "2012.09.04"]
[Round "7.50"]
[Board "4"]
[White "Lungu, Nase"]
[Black "Kim, Inguh"]
[Result "1-0"]
[WhiteTitle "FM"]
[WhiteElo "2252"]
[BlackElo "1790"]
[WhiteTeam "Zambia"]
[BlackTeam "South Korea"]
[WhiteFideId "8700052"]
[BlackFideId "13201204"]
[EventDate "2012.08.28"]

1. d4 d5 2. c4 e6 3. Nc3 Nf6 4. Bg5 Be7 5. e3 O-O 6. Nf3 Nbd7 7. Rc1 c6 8. h3
Re8 9. Bd3 dxc4 10. Bxc4 b5 11. Bd3 a6 12. a4 Bb7 13. O-O Qb6 14. e4 b4 15. e5
bxc3 16. exf6 cxb2 17. Rc3 Nxf6 18. Ne5 h6 19. Rb3 Qa7 20. Be3 Nd5 21. Bxh6 Bf6
22. Qh5 Bxe5 23. dxe5 Kf8 24. Bg5 f6 25. exf6 Bc8 26. Qh8+ Kf7 27. Qxg7# 1-0

[Event "40th Olympiad Open"]
[Site "Istanbul TUR"]
[Date "2012.09.04"]
[Round "7.51"]
[Board "4"]
[White "Morrison, Graham SCO"]
[Black "Alfaro, William"]
[Result "1/2-1/2"]
[WhiteTitle "FM"]
[BlackTitle "FM"]
[WhiteElo "2360"]
[BlackElo "2129"]
[WhiteTeam "Scotland"]
[BlackTeam "Nicaragua"]
[WhiteFideId "2400090"]
[BlackFideId "6100457"]
[EventDate "2012.08.28"]

1. d4 Nf6 2. c4 c5 3. d5 b5 4. cxb5 a6 5. b6 d6 6. Nc3 Qxb6 7. Nf3 g6 8. Nd2 Bg7
9. e4 O-O 10. a4 Nbd7 11. Be2 Ne5 12. f4 Ned7 13. Nc4 Qd8 14. a5 Ne8 15. O-O Nc7
16. Na4 Nb5 17. Nab6 Nf6 1/2-1/2

[Event "40th Olympiad Open"]
[Site "Istanbul TUR"]
[Date "2012.09.04"]
[Round "7.52"]
[Board "1"]
[White "Al-Tarbosh, Ward"]
[Black "Phillips, Roy"]
[Result "1-0"]
[WhiteTitle "FM"]
[BlackTitle "FM"]
[WhiteElo "2271"]
[BlackElo "2257"]
[WhiteTeam "Syria"]
[BlackTeam "Mauritius"]
[WhiteFideId "7601450"]
[BlackFideId "404136"]
[EventDate "2012.08.28"]

1. e4 c5 2. Nf3 Nc6 3. d4 cxd4 4. Nxd4 Qb6 5. Nb3 Nf6 6. Nc3 e6 7. a3 d6 8. Be3
Qc7 9. f4 a6 10. g4 Nd7 11. Bg2 Be7 12. g5 b5 13. Qe2 Nb6 14. Nd2 b4 15. axb4
Nxb4 16. Rc1 O-O 17. h4 Rb8 18. O-O d5 19. e5 Bd7 20. h5 Rfc8 21. g6 fxg6 22.
hxg6 h6 23. Kh1 Nc4 24. Nxc4 Qxc4 25. Qh5 Rf8 26. f5 Rxf5 27. Rxf5 exf5 28. Rd1
Be6 29. Rd4 Qc7 30. Rxd5 Bxd5 31. Nxd5 Qxe5 32. Bf4 Qe1+ 33. Kh2 Rd8 34. Bg3 Qe6
35. Qxf5 Qxf5 36. Nxe7+ Kf8 37. Nxf5 Nxc2 38. Be5 Nb4 39. Bxg7+ Ke8 40. Bf6 Rb8
41. Nxh6 1-0

[Event "40th Olympiad Open"]
[Site "Istanbul TUR"]
[Date "2012.09.04"]
[Round "7.52"]
[Board "2"]
[White "Li Ying, Patrick"]
[Black "Iyti, Basher"]
[Result "0-1"]
[WhiteTitle "CM"]
[BlackTitle "IM"]
[WhiteElo "2120"]
[BlackElo "2264"]
[WhiteTeam "Mauritius"]
[BlackTeam "Syria"]
[WhiteFideId "9700056"]
[BlackFideId "7601875"]
[EventDate "2012.08.28"]

1. d4 Nf6 2. Bf4 c5 3. e3 d5 4. c3 Nc6 5. Bd3 Qb6 6. Qb3 c4 7. Qxb6 axb6 8. Bc2
Bg4 9. Nd2 b5 10. Ngf3 b4 11. O-O e6 12. e4 Bxf3 13. gxf3 b5 14. Kh1 g6 15. Bg5
Nh5 16. Rfe1 Kd7 17. Nf1 f6 18. Bd2 Bd6 19. Ne3 Bf4 20. a3 bxa3 21. bxa3 Ra5 22.
Rab1 Rb8 23. Bc1 Ne7 24. a4 bxa4 25. Rxb8 Bxb8 26. Ba3 Bd6 27. Ra1 Nf4 28. Bxd6
Kxd6 29. Rxa4 Rxa4 30. Bxa4 Nc8 31. Bd1 Na7 32. Ba4 Nd3 33. Kg2 Nb2 34. Bc2 Nb5
35. Ng4 Ke7 36. e5 fxe5 37. dxe5 Nxc3 38. Kf1 d4 39. Ke1 d3 40. Kd2 Na2 41. Bd1
c3+ 42. Ke1 c2 0-1

[Event "40th Olympiad Open"]
[Site "Istanbul TUR"]
[Date "2012.09.04"]
[Round "7.55"]
[Board "1"]
[White "Blijstra, Wim"]
[Black "Sanon, Mondoly"]
[Result "1-0"]
[WhiteElo "2206"]
[BlackElo "2088"]
[WhiteTeam "Netherlands Antilles"]
[BlackTeam "Haiti"]
[WhiteFideId "1018000"]
[BlackFideId "11900059"]
[EventDate "2012.08.28"]

1. d4 e6 2. c4 d5 3. Nf3 Nf6 4. Nc3 c6 5. cxd5 exd5 6. Bg5 Be7 7. e3 Bg4 8. h3
Be6 9. Bd3 Nbd7 10. Qc2 Rc8 11. a3 h6 12. Bf4 Qb6 13. Na4 Qd8 14. b4 O-O 15. O-O
Ne8 16. Nc5 Nxc5 17. bxc5 g5 18. Bh2 b5 19. a4 a6 20. axb5 axb5 21. Ra6 Ng7 22.
Rfa1 f5 23. Ne5 Qe8 24. Ra7 Bf6 25. R1a6 Bxe5 26. Bxe5 Rf7 27. Qa2 Nh5 28. Rxf7
Qxf7 29. Ra7 Bd7 30. Qa6 f4 31. Be2 fxe3 32. Bxh5 exf2+ 33. Kf1 Qxh5 34. Rxd7
Re8 35. Rg7+ Kf8 36. Qxc6 Qd1+ 1-0

[Event "40th Olympiad Open"]
[Site "Istanbul TUR"]
[Date "2012.09.04"]
[Round "7.55"]
[Board "2"]
[White "Lebrun, Piersont"]
[Black "Mensing, Fabio"]
[Result "1/2-1/2"]
[WhiteTitle "CM"]
[WhiteElo "1973"]
[BlackElo "2088"]
[WhiteTeam "Haiti"]
[BlackTeam "Netherlands Antilles"]
[WhiteFideId "11900083"]
[BlackFideId "7500149"]
[EventDate "2012.08.28"]

1. e4 e5 2. Nf3 Nc6 3. Bb5 f5 4. O-O fxe4 5. Bxc6 dxc6 6. Nxe5 Nf6 7. d4 exd3 8.
Nxd3 Be7 9. Nc3 Bf5 10. Bg5 O-O 11. Qe2 Bxd3 12. Qe6+ Kh8 13. Rfd1 Qd6 14. Qxd6
cxd6 15. Rxd3 d5 16. Re1 Bc5 17. Bxf6 Rxf6 18. Re2 Raf8 19. Nd1 Kg8 20. g3 Kf7
21. Kg2 Re8 22. Rdd2 Rfe6 23. Kf3 Rf6+ 24. Kg2 Rfe6 25. Kf3 Rf6+ 26. Kg2 Rfe6
27. Kf3 Rf6+ 28. Kg2 Rfe6 29. Kf3 Rf6+ 30. Kg2 Rfe6 1/2-1/2

[Event "40th Olympiad Open"]
[Site "Istanbul TUR"]
[Date "2012.09.04"]
[Round "7.55"]
[Board "4"]
[White "Bazil, Joslin"]
[Black "Maduro, Sherman"]
[Result "1-0"]
[WhiteElo "1812"]
[BlackElo "2030"]
[WhiteTeam "Haiti"]
[BlackTeam "Netherlands Antilles"]
[WhiteFideId "11900032"]
[BlackFideId "7500122"]
[EventDate "2012.08.28"]

1. d4 d5 2. c4 e6 3. Nf3 Nf6 4. Bg5 c6 5. cxd5 exd5 6. Nbd2 Nbd7 7. e3 Qa5 8.
Bd3 Ne4 9. O-O Nxg5 10. Nxg5 Nf6 11. Qc2 Bb4 12. Nb3 Qc7 13. a3 Bd6 14. Nf3 O-O
15. Nbd2 Bg4 16. Rfc1 Rfe8 17. h3 Bh5 18. b4 a6 19. Rab1 Rac8 20. Bf5 Rcd8 21.
a4 Qe7 22. b5 cxb5 23. axb5 a5 24. Ra1 b6 25. Qb3 Rb8 26. Rc6 Bg6 27. Bxg6 hxg6
28. Rac1 Red8 29. Nb1 Ne4 30. Nc3 Nxc3 31. R1xc3 f6 32. Qxd5+ Kh7 33. Qb3 Bb4
34. R3c4 Rd7 35. Rc2 Rbd8 36. Qd3 a4 37. Nh4 Qf7 38. R2c4 Ba5 39. Rxa4 Rd5 40.
Ra1 Rg5 41. e4 Qd7 42. Rd1 Qe7 43. f4 Rh5 44. Nf3 Qb4 45. d5 Qa4 46. Kh2 f5 47.
Ng5+ Rxg5 48. fxg5 fxe4 49. Qd4 Qxd4 50. Rxd4 e3 51. Re6 Bd2 52. Kg3 Rf8 53. d6
Be1+ 54. Kg4 Bf2 55. Rd3 Bg1 56. d7 Bh2 57. g3 Bxg3 58. Kxg3 e2 59. Rxe2 Rd8 60.
h4 Re8 61. Ree3 Rf8 62. h5 1-0

[Event "40th Olympiad Open"]
[Site "Istanbul TUR"]
[Date "2012.09.04"]
[Round "7.56"]
[Board "1"]
[White "Mohamed, Hassan MDV"]
[Black "Ferster, Fabian"]
[Result "1/2-1/2"]
[WhiteElo "1790"]
[BlackElo "2144"]
[WhiteTeam "Maldives"]
[BlackTeam "Liechtenstein"]
[WhiteFideId "16700058"]
[BlackFideId "4695330"]
[EventDate "2012.08.28"]

1. e4 e6 2. d4 d5 3. exd5 exd5 4. Nf3 Bd6 5. Bb5+ c6 6. Bd3 Bg4 7. O-O Ne7 8.
Bg5 f6 9. Bh4 Nd7 10. Bg3 Bxg3 11. hxg3 Qc7 12. Re1 Nf8 13. Qe2 Be6 14. b4 O-O-O
15. b5 Re8 16. Qd2 Bd7 17. Nc3 Nfg6 18. bxc6 Bxc6 19. Ne2 Kb8 20. Rec1 Qd6 21.
a4 h5 22. a5 h4 23. gxh4 Nxh4 24. Nxh4 Rxh4 25. g3 Rh6 26. Kg2 Reh8 27. Rh1 g5
28. Rxh6 Rxh6 29. Rh1 Rxh1 30. Kxh1 Qe6 31. Kg2 Bd7 32. Ng1 Nc6 33. Nf3 Qe7 34.
a6 b6 35. c3 Kc7 36. Qc1 Qd6 37. Nd2 Na5 38. Qe1 Qe6 39. Qh1 Nc6 40. Qh7 Qe7 41.
Qg6 Bc8 42. Qg8 Qe6 43. Qh7+ Kd6 44. c4 Qe7 45. c5+ bxc5 46. dxc5+ Kxc5 47. Qh1
Kb6 48. Qa1 Qb4 49. Qc1 Qd4 50. Bf1 Bf5 51. Nb3 Qb4 52. Qd1 Ne5 53. f3 g4 54.
Qxd5 gxf3+ 55. Kh1 Nc6 56. Nd2 Be6 57. Nc4+ Qxc4 58. Bxc4 Bxd5 59. Bxd5 Nb4 60.
Bxf3 Nxa6 61. Kg2 Nc5 62. Kf2 Kb5 63. Ke3 Kc4 64. Bc6 Ne6 65. Ke4 Nd4 66. Be8
f5+ 67. Kf4 a5 68. Bd7 Kd5 69. Be8 Ke6 70. Ba4 Ne2+ 71. Kf3 Nc3 72. Bb3+ Ke5 73.
g4 fxg4+ 74. Kxg4 Ke4 75. Kg3 Ke3 76. Kg2 Kd2 77. Kf2 Kc1 78. Ke3 Kb2 79. Bg8 a4
80. Kd3 a3 81. Kd4 Ne2+ 82. Kc5 Kc3 83. Kb5 Nd4+ 84. Ka4 Kb2 85. Bf7 Ne2 86. Bg8
Nf4 87. Bf7 Nd3 88. Bg8 a2 89. Bxa2 Kxa2 1/2-1/2

[Event "40th Olympiad Open"]
[Site "Istanbul TUR"]
[Date "2012.09.04"]
[Round "7.56"]
[Board "2"]
[White "Kobler, Mario"]
[Black "Ahmed, Fuad"]
[Result "1/2-1/2"]
[WhiteElo "2099"]
[BlackElo "1830"]
[WhiteTeam "Liechtenstein"]
[BlackTeam "Maldives"]
[WhiteFideId "12000094"]
[BlackFideId "16700023"]
[EventDate "2012.08.28"]

1. c4 Nf6 2. Nf3 g6 3. g3 Bg7 4. Bg2 c6 5. O-O O-O 6. d4 d5 7. cxd5 cxd5 8. Nc3
Nc6 9. Ne5 e6 10. Bg5 Qb6 11. Nxc6 bxc6 12. Qd2 Ba6 13. Rfc1 Nd7 14. e3 Rfe8 15.
Bf4 e5 16. dxe5 Nxe5 17. Bxe5 Bxe5 18. Rc2 Bc8 19. Na4 Qb5 20. Nc5 Bf5 21. Bf1
Qb6 22. Bd3 Bh3 23. Bf1 Bf5 24. Bd3 Bh3 25. Rac1 Rac8 26. Bf1 Bf5 27. Bd3 Bh3
28. b3 h5 29. Na4 Qb7 30. Qa5 Qd7 31. Qa6 d4 32. e4 Qg4 33. Rxc6 Rxc6 34. Qxc6
Re6 35. Qc8+ Kg7 36. Nc5 Rf6 37. Qxg4 Bxg4 38. f4 Bc7 39. f5 Ba5 40. e5 Rb6 41.
e6 fxe6 42. Nxe6+ Kf6 43. Nxd4 gxf5 44. Nxf5 Re6 45. Nh4 Bb6+ 46. Kg2 Rd6 47.
Rf1+ Kg5 48. Nf3+ Kh6 49. Rd1 Rf6 50. Be4 Re6 51. Re1 Bxf3+ 52. Kxf3 Rf6+ 53.
Ke2 Rf2+ 54. Kd3 Rxa2 55. Re2 Rxe2 56. Kxe2 Kg5 57. Kf3 h4 58. g4 Bc5 59. Bb7
Bb6 60. Bc8 Bc5 61. h3 Bb6 62. Ke4 Bg1 63. Kd5 Bb6 64. Kc6 Bg1 65. Bd7 Bb6 66.
b4 Bg1 67. b5 Bb6 68. Kd6 Bg1 69. Ke6 Bb6 70. Kf7 Bg1 71. Bf5 Bb6 72. Ke6 Bg1
73. Be4 Bb6 74. Kd5 Bg1 75. Kc4 Bb6 76. Bf5 Bg1 77. Kb4 Bb6 78. Ka4 Bg1 79. Ka5
Bb6+ 80. Ka6 Bg1 1/2-1/2

[Event "40th Olympiad Open"]
[Site "Istanbul TUR"]
[Date "2012.09.04"]
[Round "7.56"]
[Board "3"]
[White "Abdul Rahman Ali"]
[Black "Mannhart, Marcel"]
[Result "1/2-1/2"]
[WhiteElo "1912"]
[BlackElo "2066"]
[WhiteTeam "Maldives"]
[BlackTeam "Liechtenstein"]
[WhiteFideId "16700066"]
[BlackFideId "12000108"]
[EventDate "2012.08.28"]

1. d4 d6 2. f4 g6 3. Nf3 Bg7 4. e3 Nd7 5. Bd3 e6 6. O-O Ne7 7. c3 O-O 8. Qe2 c5
9. Nbd2 Qc7 10. a3 a6 11. Re1 b5 12. Qf2 Bb7 13. Ng5 Rfe8 14. Nf1 Nf8 15. Bd2
Qb6 16. Rad1 Rad8 17. Bb1 d5 18. Ng3 f5 19. Ba2 c4 20. Bb1 Nc8 21. Bc1 Nd6 22.
Nf3 Ne4 23. Bxe4 dxe4 24. Ne5 Nd7 25. h4 Nxe5 26. fxe5 h6 27. Ne2 Qc7 28. Qg3
Qf7 29. Nf4 Kh7 30. Rf1 Rg8 31. Kh1 Bf8 32. Bd2 Be7 33. Qh3 g5 34. hxg5 Rxg5 35.
Be1 Rg4 36. Rd2 Qg8 37. g3 Bg5 38. Rh2 Bxf4 39. gxf4 Qg6 40. Bh4 Rh8 41. Bf6 Rg8
42. Bg5 Rh8 43. Qxh6+ Qxh6 44. Rxh6+ Kg8 45. Rxh8+ Kxh8 46. Kh2 Kg8 47. Ra1 Bc6
48. a4 bxa4 49. Rd1 Kf7 50. Rg1 Rxg1 51. Kxg1 Ke8 52. Kg2 Kd7 53. Kh3 Bd5 54.
Kh4 a3 55. bxa3 Kc6 56. a4 Kd7 57. Kg3 a5 58. Kf2 Bc6 59. Ke2 Bxa4 60. Kd2 Ke8
61. Kc1 Bc6 62. Bh4 Kf7 63. Bd8 a4 64. Kd2 a3 65. Kc2 Ba4+ 66. Kb1 Bb3 67. Bb6
Ke8 68. Bc5 a2+ 69. Kb2 Kd7 70. Bb4 Kc6 71. Ka1 Kd5 72. Ba5 Kc6 73. Bd8 Kd7 74.
Bb6 Kc6 75. Bc5 Kb5 76. Bf8 Kc6 77. Kb2 Kd7 78. Bb4 Kc6 79. Bf8 Kb5 80. Be7 Kc6
81. Ka1 Kb5 82. Bb4 Kc6 83. Bc5 Kd7 84. Ba7 Ke7 85. Kb2 Kf7 86. Bc5 Kg6 87. Ka1
Kh5 88. Kb2 Kh6 89. Bf8+ Kg6 90. Bc5 Kh5 91. Bb6 Kh6 92. Ka1 1/2-1/2

[Event "40th Olympiad Open"]
[Site "Istanbul TUR"]
[Date "2012.09.04"]
[Round "7.56"]
[Board "4"]
[White "Muendle, Kurt"]
[Black "Ahmed, Ashraf"]
[Result "0-1"]
[WhiteElo "1893"]
[BlackElo "1784"]
[WhiteTeam "Liechtenstein"]
[BlackTeam "Maldives"]
[WhiteFideId "12000159"]
[BlackFideId "16700031"]
[EventDate "2012.08.28"]

1. d4 Nf6 2. Nf3 e6 3. c4 b6 4. Nc3 Bb4 5. Qc2 Bb7 6. Bd2 c5 7. dxc5 bxc5 8. a3
Ba5 9. Nb5 O-O 10. Bxa5 Qxa5+ 11. Qd2 Qxd2+ 12. Nxd2 Nc6 13. Nd6 Nd4 14. Rc1
Rab8 15. e3 Nf5 16. Nxb7 Rxb7 17. b3 a5 18. Bd3 Ne7 19. O-O Rc8 20. e4 Nc6 21.
f4 d6 22. Rc3 Rcb8 23. Rb1 Nd4 24. Kf1 e5 25. fxe5 dxe5 26. Be2 h5 27. h3 g6 28.
Bd1 Kg7 29. Kf2 a4 30. Ke3 axb3 31. Bxb3 Ne8 32. Kd3 Nd6 33. Bc2 f5 34. exf5
gxf5 35. Nb3 Ne4 36. Nxd4 Rxb1 37. Bxb1 Nxc3 38. Kxc3 exd4+ 39. Kc2 d3+ 0-1

[Event "40th Olympiad Open"]
[Site "Istanbul TUR"]
[Date "2012.09.04"]
[Round "7.57"]
[Board "1"]
[White "Hamal, Manish"]
[Black "Vorobjov, Pavel"]
[Result "0-1"]
[WhiteTitle "FM"]
[WhiteElo "2118"]
[BlackElo "2156"]
[WhiteTeam "Nepal"]
[BlackTeam "Estonia"]
[WhiteFideId "12300110"]
[BlackFideId "4500989"]
[EventDate "2012.08.28"]

1. e4 c5 2. Nf3 d6 3. d4 cxd4 4. Nxd4 Nf6 5. Nc3 g6 6. Be3 Bg7 7. Qd2 Nc6 8.
O-O-O Ng4 9. Nxc6 bxc6 10. Bd4 e5 11. Be3 Nxe3 12. Qxe3 Be6 13. Kb1 Qc7 14. Qd2
Rd8 15. Bd3 O-O 16. h4 d5 17. h5 d4 18. Ne2 c5 19. c4 dxc3 20. Qxc3 c4 21. Bc2
Qb6 22. h6 Bh8 23. Rhf1 Rxd1+ 24. Bxd1 Rb8 25. f3 Bf6 26. Bc2 Bg5 27. Rh1 f6 28.
f4 exf4 29. Nd4 f3 30. gxf3 Bd2 31. Qa3 Qxd4 32. Rd1 a5 0-1

[Event "40th Olympiad Open"]
[Site "Istanbul TUR"]
[Date "2012.09.04"]
[Round "7.57"]
[Board "4"]
[White "Ladva, Ottomar"]
[Black "Joshi, Deergha Raj"]
[Result "1-0"]
[WhiteElo "2153"]
[BlackElo "1897"]
[WhiteTeam "Estonia"]
[BlackTeam "Nepal"]
[WhiteFideId "4500024"]
[BlackFideId "12300527"]
[EventDate "2012.08.28"]

1. e4 c6 2. d4 d5 3. exd5 cxd5 4. c4 Nf6 5. Nc3 e6 6. Nf3 Be7 7. c5 O-O 8. b4
Ne4 9. Qc2 f5 10. Bd3 Nc6 11. a3 Bf6 12. Ne2 a6 13. O-O g5 14. Bb2 Bd7 15. Ne5
Bg7 16. f3 Nf6 17. Qd2 Nxe5 18. dxe5 Ne8 19. a4 Nc7 20. f4 h6 21. Bd4 Qe8 22.
fxg5 hxg5 23. Qxg5 Bxa4 24. Nf4 Bb5 25. Nh5 Qxh5 26. Qxh5 Bxd3 27. Rfd1 Be4 28.
c6 bxc6 29. Rac1 f4 30. Rxc6 Nb5 31. Rxe6 f3 32. Bc5 Rf5 33. Re8+ Rxe8 34. Qxe8+
Kh7 35. gxf3 Bxf3 36. Rf1 Rg5+ 37. Kf2 Bh5 38. Qd7 Nc3 39. Bf8 Bg4 40. Qxg7+
Rxg7 41. Bxg7 d4 42. e6 Ne4+ 43. Kg1 d3 44. e7 Bd7 45. Bd4 Ba4 46. Be3 Kg6 47.
Rf8 Nf6 48. Kf2 Bb5 49. Ke1 Kf5 50. Bd4 1-0

[Event "40th Olympiad Open"]
[Site "Istanbul TUR"]
[Date "2012.09.04"]
[Round "7.58"]
[Board "1"]
[White "Ziska, Helgi Dam"]
[Black "Fancy, Stuart"]
[Result "1-0"]
[WhiteTitle "IM"]
[WhiteElo "2469"]
[BlackElo "2104"]
[WhiteTeam "Faroe Islands"]
[BlackTeam "Papua New Guinea"]
[WhiteFideId "7200595"]
[BlackFideId "9100024"]
[EventDate "2012.08.28"]

1. e4 c5 2. Nf3 e6 3. d3 Nc6 4. g3 g6 5. Bg5 Qb6 6. Nbd2 d5 7. Bg2 Bg7 8. O-O
Nge7 9. exd5 exd5 10. Re1 h6 11. Bxe7 Nxe7 12. Qe2 Qe6 13. Qf1 Qd6 14. d4 c4 15.
Qe2 Be6 16. c3 O-O 17. Nf1 b5 18. a3 Nc6 19. Ne3 a5 20. Nd2 b4 21. axb4 axb4 22.
Rxa8 Rxa8 23. Qf3 Ra2 24. Ndxc4 dxc4 25. Qxc6 Qxc6 26. Bxc6 Rxb2 27. d5 Bxc3 28.
dxe6 fxe6 29. Nxc4 Bxe1 30. Nxb2 Bc3 31. Nd1 Bd4 32. Ba4 Kf7 33. Kf1 Ke7 34. Ke2
Kd6 35. Kd3 Kc5 36. Bb3 e5 37. h4 g5 38. h5 1-0

[Event "40th Olympiad Open"]
[Site "Istanbul TUR"]
[Date "2012.09.04"]
[Round "7.58"]
[Board "3"]
[White "Andreasen, Joan Hendrik"]
[Black "Jones, Rupert"]
[Result "1-0"]
[BlackTitle "FM"]
[WhiteElo "2260"]
[BlackElo "1941"]
[WhiteTeam "Faroe Islands"]
[BlackTeam "Papua New Guinea"]
[WhiteFideId "7200110"]
[BlackFideId "9100121"]
[EventDate "2012.08.28"]

1. d4 Nf6 2. c4 e6 3. Nf3 Bb4+ 4. Nbd2 b6 5. e3 Bb7 6. Bd3 O-O 7. O-O c5 8. dxc5
bxc5 9. Nb3 d6 10. Qc2 Nc6 11. a3 Ba5 12. Nxa5 Qxa5 13. Bd2 Qc7 14. b4 a5 15. b5
Ne7 16. Bc3 e5 17. e4 Nh5 18. g3 g6 19. Nh4 Bc8 20. Qd2 Bh3 21. Rfd1 Ng7 22. Bf1
Bxf1 23. Kxf1 Rfd8 24. Rab1 Qb7 25. f3 a4 26. Bxe5 f5 27. Bxg7 Kxg7 28. exf5
Nxf5 29. Nxf5+ gxf5 30. Qf4 Qd7 31. Rd5 Re8 32. Qg5+ Kh8 33. Qf6+ Kg8 34. Rxf5
Re7 35. Rg5+ Rg7 36. Qxg7+ Qxg7 37. Rxg7+ Kxg7 38. Rd1 1-0

[Event "40th Olympiad Open"]
[Site "Istanbul TUR"]
[Date "2012.09.04"]
[Round "7.59"]
[Board "2"]
[White "Faraj, Yahya"]
[Black "Villegas, Pierre"]
[Result "1-0"]
[WhiteTitle "FM"]
[WhiteElo "2243"]
[BlackElo "2249"]
[WhiteTeam "Yemen"]
[BlackTeam "Monaco"]
[WhiteFideId "9400184"]
[BlackFideId "654183"]
[EventDate "2012.08.28"]

1. c4 b6 2. Nc3 Bb7 3. e4 e6 4. d4 Bb4 5. Bd3 f5 6. Qh5+ g6 7. Qe2 Nf6 8. f3
fxe4 9. fxe4 Bxc3+ 10. bxc3 Nxe4 11. Nf3 d5 12. Bxe4 dxe4 13. Ng5 Qe7 14. O-O
Rf8 15. Rxf8+ Kxf8 16. Bd2 Kg8 17. Rf1 Nd7 18. Rf7 Qxf7 19. Nxf7 Kxf7 20. Qf2+
Kg7 21. Qg3 Rc8 22. Qh4 Re8 23. Bh6+ Kg8 24. Qg3 e5 25. h4 Ba6 26. h5 Re6 27.
Qg5 Kf7 28. Qd8 Re7 29. Bg5 Nf6 30. dxe5 1-0